Next week. lynne! / (Record no. 81480)

MARC details
000 -LEADER
campo de control de longitud fija 00635nam a2200193 i 4500
001 - NÚMERO DE CONTROL
campo de control 81480
003 - IDENTIFICADOR DE NÚMERO DE CONTROL
campo de control ES-MaACL
005 - FECHA Y HORA DE LA ÚLTIMA TRANSACCIÓN
campo de control 20230906174439.0
007 - CAMPO FIJO DE DESCRIPCIÓN FÍSICA--INFORMACIÓN GENERAL
campo de control de longitud fija t|
008 - DATOS DE LONGITUD FIJA--INFORMACIÓN GENERAL
campo de control de longitud fija 041104s1950 xxu ||||1| eng d
100 1# - ENTRADA PRINCIPAL--NOMBRE DE PERSONA
Nombre de persona Hurlbut, Gladys.
9 (RLIN) 64770
245 10 - MENCIÓN DEL TÍTULO
Título Next week. lynne! /
Mención de responsabilidad, etc. by Gladys Hurlbut ; introduction by Howard Lindsay and Russel Crouse ; postcript by Dorothy Stickney.
260 ## - PUBLICACIÓN, DISTRIBUCIÓN, ETC.
Lugar de publicación, distribución, etc. New York :
Nombre del editor, distribuidor, etc. E. P. Dutton,
Fecha de publicación, distribución, etc. 1950 (
Fabricante Stratford)
300 ## - DESCRIPCIÓN FÍSICA
Extensión 254 p. ;
Dimensiones 21 cm.
700 1# - ENTRADA AGREGADA--NOMBRE PERSONAL
Nombre de persona Lindsay, Howard.
9 (RLIN) 72418
700 1# - ENTRADA AGREGADA--NOMBRE PERSONAL
Nombre de persona Crouse, Russel.
9 (RLIN) 41732
700 1# - ENTRADA AGREGADA--NOMBRE PERSONAL
Nombre de persona Stickney, Dorothy.
9 (RLIN) 108199
852 ## - LOCALIZACIÓN
Ubicación ES-MaACL
Número de control de estantería C-25031
Sublocalización o colección R.53681
Holdings
Estatus retirado Estado de pérdida Estado de daño No para préstamo Biblioteca de origen Biblioteca actual Ubicación en estantería Fecha de adquisición Fuente de adquisición Total de préstamos Signatura topográfica completa Código de barras Visto por última vez Precio de reemplazo Tipo de ítem Koha
        Biblioteca del Ateneo de Madrid Biblioteca del Ateneo de Madrid Depósito 2 17/01/2008     C-25031 1085172 23/02/2023 23/02/2023 Libro impreso